[Event "Romanian-ch Women 2022"]
[Site "Eforie Nord"]
[Date "2022.02.26"]
[Round "8.1"]
[White "Peptan, Corina-Isabela"]
[Black "Ciolacu, Alessia-Mihaela"]
[Result "0-1"]
[WhiteElo "2384"]
[BlackElo "2239"]
[Annotator "ChessBase"]
[PlyCount "88"]
[EventDate "2022.02.20"]
[EventType "swiss"]
[EventCountry "ROU"]
[SourceTitle "playchess.com"]
[Source "ChessBase"]
[SourceQuality "1"]
[TimeControl "40/5400+30:900+30"]

1. d4 {[%emt 0:00:03]} Nf6 {[%emt 0:00:08]} 2. c4 {[%emt 0:00:04]} e6 {[%emt 0:00:04]} 3. Nf3 {[%emt 0:00:14]} d5 {[%emt 0:00:06]} 4. g3 {[%emt 0:00:24]} Bb4+ {[%emt 0:00:21]} 5. Bd2 {[%emt 0:00:09]} a5 {[%emt 0:00:17]} 6. Bg2 {[%emt 0:00:58]} dxc4 {[%emt 0:01:20]} 7. Bxb4 {[%emt 0:10:10]} axb4 {[%emt 0:00:05]} 8. Ne5 {[%emt 0:00:03]} O-O {[%emt 0:06:55]} 9. Nxc4 {[%emt 0:04:23]} Nc6 {[%emt 0:02:31]} 10. e3 {[%emt 0:00:10]} e5 {[%emt 0:04:20]} 11. d5 {[%emt 0:28:02]} Ne7 {[%emt 0:01:59]} 12. d6 {[%emt 0:00:54]} Nf5 {[%emt 0:01:36]} 13. dxc7 {[%emt 0:04:24]} Qxc7 {[%emt 0:00:22]} 14. Nbd2 {[%emt 0:01:15]} Be6 {[%emt 0:04:30]} 15. Rc1 {[%emt 0:12:05]} Rac8 {[%emt 0:06:09]} 16. Rc2 {[%emt 0:10:56]} b5 {[%emt 0:06:58]} 17. Na3 {[%emt 0:00:07]} Qa5 {[%emt 0:00:22]} 18. Nab1 {[%emt 0:06:19]} Rxc2 {[%emt 0:02:10]} 19. Qxc2 {[%emt 0:00:01]} Rc8 {[%emt 0:08:41]} 20. Qd1 {[%emt 0:02:44]} Qxa2 {[%emt 0:04:37]} 21. b3 {[%emt 0:00:11]} Rd8 {[%emt 0:11:22]} 22. O-O {[%emt 0:00:37]} e4 {[%emt 0:00:36]} 23. Qe2 {[%emt 0:03:26]} Nd6 {[%emt 0:01:23]} 24. Qd1 {[%emt 0:05:33]} Bg4 {[%emt 0:12:03]} 25. Qe1 {[%emt 0:04:00]} Qc2 {[%emt 0:00:59]} 26. h3 {[%emt 0:01:30]} Be6 {[%emt 0:00:10]} 27. Qd1 {[%emt 0:00:44]} Qd3 {[%emt 0:00:35]} 28. Re1 {[%emt 0:00:25]} h5 {[%emt 0:07:34]} 29. Bf1 {[%emt 0:00:11]} Qd5 {[%emt 0:00:06]} 30. Qc2 {[%emt 0:00:40]} Rc8 {[%emt 0:02:54]} 31. Qb2 {[%emt 0:00:20]} Nd7 {[%emt 0:01:12]} 32. Rc1 {[%emt 0:01:48]} Rxc1 {[%emt 0:00:30]} 33. Qxc1 {[%emt 0:00:01]} Nc5 {[%emt 0:00:11]} 34. Kg2 {[%emt 0:01:28]} Nxb3 {[%emt 0:00:43]} 35. Nxb3 {[%emt 0:00:07]} Qxb3 {[%emt 0:00:04]} 36. Be2 {[%emt 0:00:51]} Qd5 {[%emt 0:02:06]} 37. Qc7 {[%emt 0:00:21]} Nc4 {[%emt 0:01:19]} 38. Qb8+ {[%emt 0:01:49]} Kh7 {[%emt 0:00:05]} 39. Qf4 {[%emt 0:00:58]} Na3 {[%emt 0:00:34]} 40. Nd2 {[%emt 0:00:00]} Qxd2 {[%emt 0:00:00]} 41. Qxe4+ {[%emt 0:01:18]} g6 {[%emt 0:01:05]} 42. Bf3 {[%emt 0:01:06]} b3 {[%emt 0:01:06]} 43. g4 {[%emt 0:01:01]} hxg4 {[%emt 0:00:25]} 44. hxg4 {[%emt 0:00:06]} b2 {[%emt 0:00:05]} 0-1

[Event "Romanian-ch Women 2022"]
[Site "Eforie Nord"]
[Date "2022.02.26"]
[Round "8.2"]
[White "Sandu, Mihaela"]
[Black "Ionescu, Irina"]
[Result "1/2-1/2"]
[WhiteElo "2269"]
[BlackElo "2131"]
[Annotator "NA"]
[PlyCount "101"]
[EventDate "2022.02.20"]
[EventType "swiss"]
[EventCountry "ROU"]
[SourceTitle "playchess.com"]
[Source "ChessBase"]
[SourceQuality "1"]
[TimeControl "40/5400+30:900+30"]

1. e4 {[%emt 0:00:09]} e5 {[%emt 0:00:13]} 2. Nf3 {[%emt 0:00:03]} Nf6 {[%emt 0:00:15]} 3. Nxe5 {[%emt 0:00:12]} d6 {[%emt 0:00:05]} 4. Nf3 {[%emt 0:00:08]} Nxe4 {[%emt 0:00:16]} 5. d4 {[%emt 0:00:15]} d5 {[%emt 0:00:50]} 6. Bd3 {[%emt 0:00:20]} Bd6 {[%emt 0:00:40]} 7. c4 {[%emt 0:00:21]} Bb4+ {[%emt 0:06:15]} 8. Nbd2 {[%emt 0:02:57]} Nxd2 {[%emt 0:03:21]} 9. Bxd2 {[%emt 0:00:54]} Bxd2+ {[%emt 0:02:36]} 10. Qxd2 {[%emt 0:00:07]} O-O {[%emt 0:05:12]} 11. O-O {[%emt 0:00:47]} dxc4 {[%emt 0:00:26]} 12. Bxc4 {[%emt 0:00:08]} Bf5 {[%emt 0:05:34]} 13. Rfe1 {[%emt 0:03:56]} Nd7 {[%emt 0:01:41]} 14. Qf4 {[%emt 0:11:19]} Bg6 {[%emt 0:05:53]} 15. Bb3 {[%emt 0:05:53]} Nf6 {[%emt 0:06:23]} 16. h3 {[%emt 0:06:18]} c6 {[%emt 0:01:25]} 17. Re3 {[%emt 0:01:27]} Nd5 {[%emt 0:09:23]} 18. Bxd5 {[%emt 0:00:20]} Qxd5 {[%emt 0:00:06]} 19. Re5 {[%emt 0:00:33]} Qd6 {[%emt 0:04:36]} 20. Qe3 {[%emt 0:01:19]} f6 {[%emt 0:02:50]} 21. Re7 {[%emt 0:02:22]} Rae8 {[%emt 0:09:48]} 22. Rxe8 {[%emt 0:01:09]} Bxe8 {[%emt 0:00:48]} 23. Qb3+ {[%emt 0:13:24]} Qd5 {[%emt 0:04:31]} 24. Qxb7 {[%emt 0:03:51]} Bh5 {[%emt 0:00:22]} 25. Nh2 {[%emt 0:19:31]} Qxd4 {[%emt 0:01:25]} 26. Nf1 {[%emt 0:00:05]} Qb6 {[%emt 0:06:17]} 27. Qxb6 {[%emt 0:08:21]} axb6 {[%emt 0:00:06]} 28. a4 {[%emt 0:00:04]} Ra8 {[%emt 0:03:40]} 29. b4 {[%emt 0:01:08]} Kf8 {[%emt 0:02:19]} 30. a5 {[%emt 0:06:14]} bxa5 {[%emt 0:00:21]} 31. bxa5 {[%emt 0:00:50]} Be2 {[%emt 0:04:12]} 32. Nd2 {[%emt 0:00:55]} Bb5 {[%emt 0:01:15]} 33. f4 {[%emt 0:06:31]} Ke7 {[%emt 0:01:12]} 34. Kf2 {[%emt 0:00:07]} Kd6 {[%emt 0:01:09]} 35. Ne4+ {[%emt 0:02:15]} Kd5 {[%emt 0:00:53]} 36. Ke3 {[%emt 0:00:16]} c5 {[%emt 0:05:41]} 37. Rd1+ {[%emt 0:00:27]} Kc6 {[%emt 0:00:04]} 38. Rd6+ {[%emt 0:00:40]} Kc7 {[%emt 0:00:23]} 39. Rd5 {[%emt 0:02:30]} Rxa5 {[%emt 0:01:25]} 40. Rxc5+ {[%emt 0:00:00]} Kb6 {[%emt 0:00:00]} 41. Rc3 {[%emt 0:00:49]} Bc6 {[%emt 0:05:38]} 42. Nd2 {[%emt 0:01:25]} Ra1 {[%emt 0:05:09]} 43. g3 {[%emt 0:01:00]} Rh1 {[%emt 0:03:47]} 44. h4 {[%emt 0:01:55]} Rg1 {[%emt 0:01:17]} 45. Kd4 {[%emt 0:01:31]} Rd1 {[%emt 0:00:06]} 46. Ke3 {[%emt 0:02:39]} Rg1 {[%emt 0:01:21]} 47. Nc4+ {[%emt 0:00:19]} Kc7 {[%emt 0:00:42]} 48. Kd4 {[%emt 0:03:57]} Rd1+ {[%emt 0:01:43]} 49. Ke3 {[%emt 0:00:05]} Rg1 {[%emt 0:00:58]} 50. Kd4 {[%emt 0:00:09]} Rd1+ {[%emt 0:00:19]} 51. Ke3 {[%emt 0:00:26]} 1/2-1/2

[Event "Romanian-ch Women 2022"]
[Site "Eforie Nord"]
[Date "2022.02.26"]
[Round "8.3"]
[White "Cosma, Elena-Luminita"]
[Black "Lehaci, Miruna-Daria"]
[Result "0-1"]
[WhiteElo "2281"]
[BlackElo "2125"]
[Annotator "NA"]
[PlyCount "96"]
[EventDate "2022.02.20"]
[EventType "swiss"]
[EventCountry "ROU"]
[SourceTitle "playchess.com"]
[Source "ChessBase"]
[SourceQuality "1"]
[TimeControl "40/5400+30:900+30"]

1. Nf3 {[%emt 0:00:03]} d5 {[%emt 0:00:16]} 2. d4 {[%emt 0:00:14]} e6 {[%emt 0:00:04]} 3. g3 {[%emt 0:00:08]} b6 {[%emt 0:00:25]} 4. Bg2 {[%emt 0:00:14]} Bb7 {[%emt 0:00:11]} 5. O-O {[%emt 0:00:39]} Nd7 {[%emt 0:00:05]} 6. c4 {[%emt 0:06:40]} dxc4 {[%emt 0:00:25]} 7. Qa4 {[%emt 0:00:31]} a6 {[%emt 0:00:53]} 8. Qxc4 {[%emt 0:00:44]} b5 {[%emt 0:00:58]} 9. Qc2 {[%emt 0:05:22]} c5 {[%emt 0:05:04]} 10. a4 {[%emt 0:03:34]} Ngf6 {[%emt 0:03:59]} 11. Bg5 {[%emt 0:25:53]} b4 {[%emt 0:19:03]} 12. dxc5 {[%emt 0:13:14]} Bxc5 {[%emt 0:02:46]} 13. Bxf6 {[%emt 0:00:40]} Qxf6 {[%emt 0:03:13]} 14. Nbd2 {[%emt 0:10:51]} O-O {[%emt 0:05:55]} 15. Ng5 {[%emt 0:06:44]} Qxg5 {[%emt 0:00:09]} 16. Bxb7 {[%emt 0:00:04]} Ra7 {[%emt 0:00:26]} 17. Bg2 {[%emt 0:00:09]} Rc8 {[%emt 0:12:35]} 18. e3 {[%emt 0:04:11]} Rac7 {[%emt 0:03:55]} 19. Qd3 {[%emt 0:01:54]} a5 {[%emt 0:04:40]} 20. Rad1 {[%emt 0:00:17]} Bf8 {[%emt 0:03:04]} 21. Ne4 {[%emt 0:01:49]} Qe5 {[%emt 0:01:43]} 22. Qa6 {[%emt 0:05:39]} Nb8 {[%emt 0:02:38]} 23. Qb5 {[%emt 0:01:20]} Qxb2 {[%emt 0:04:33]} 24. Qxa5 {[%emt 0:00:13]} Qc2 {[%emt 0:04:05]} 25. Qb5 {[%emt 0:02:23]} Ra7 {[%emt 0:02:14]} 26. Nd6 {[%emt 0:03:21]} Rd8 {[%emt 0:01:57]} 27. Rc1 {[%emt 0:01:20]} Qxa4 {[%emt 0:01:03]} 28. Qxa4 {[%emt 0:00:29]} Rxa4 {[%emt 0:00:05]} 29. Nb7 {[%emt 0:00:07]} Re8 {[%emt 0:00:31]} 30. Rc4 {[%emt 0:00:35]} Ra6 {[%emt 0:03:20]} 31. Rb1 {[%emt 0:01:20]} Rb6 {[%emt 0:01:27]} 32. Na5 {[%emt 0:00:52]} g6 {[%emt 0:04:05]} 33. h4 {[%emt 0:00:05]} h5 {[%emt 0:00:07]} 34. Rc7 {[%emt 0:02:37]} Na6 {[%emt 0:01:55]} 35. Ra7 {[%emt 0:00:07]} Nc5 {[%emt 0:05:14]} 36. Nc4 {[%emt 0:00:23]} Ra6 {[%emt 0:02:30]} 37. Rc7 {[%emt 0:01:38]} b3 {[%emt 0:00:12]} 38. Bf1 {[%emt 0:01:38]} Ra2 {[%emt 0:00:55]} 39. Kg2 {[%emt 0:00:58]} Rb8 {[%emt 0:00:53]} 40. Kf3 {[%emt 0:00:00]} b2 {[%emt 0:00:00]} 41. Be2 {[%emt 0:02:46]} Na4 {[%emt 0:08:14]} 42. Ra7 {[%emt 0:03:25]} Bg7 {[%emt 0:01:17]} 43. Bd1 {[%emt 0:06:41]} Ra1 {[%emt 0:06:23]} 44. Bc2 {[%emt 0:02:28]} Nb6 {[%emt 0:01:56]} 45. Rc7 {[%emt 0:01:13]} Nd5 {[%emt 0:00:08]} 46. Rc5 {[%emt 0:01:16]} Rxb1 {[%emt 0:00:29]} 47. Bxb1 {[%emt 0:00:05]} Nc3 {[%emt 0:00:04]} 48. Nxb2 {[%emt 0:01:23]} Nxb1 {[%emt 0:01:02]} 0-1

[Event "Romanian-ch Women 2022"]
[Site "Eforie Nord"]
[Date "2022.02.26"]
[Round "8.4"]
[White "Bulmaga, Irina"]
[Black "Baciu, Anca-Otilia"]
[Result "1-0"]
[WhiteElo "2390"]
[BlackElo "2014"]
[Annotator "NA"]
[PlyCount "113"]
[EventDate "2022.02.20"]
[EventType "swiss"]
[EventCountry "ROU"]
[SourceTitle "playchess.com"]
[Source "ChessBase"]
[SourceQuality "1"]
[TimeControl "40/5400+30:900+30"]

1. e4 {[%emt 0:00:04]} c5 {[%emt 0:00:19]} 2. Nf3 {[%emt 0:00:07]} e6 {[%emt 0:00:16]} 3. d4 {[%emt 0:00:07]} cxd4 {[%emt 0:00:06]} 4. Nxd4 {[%emt 0:00:06]} Nf6 {[%emt 0:00:13]} 5. Nc3 {[%emt 0:00:08]} d6 {[%emt 0:00:06]} 6. g4 {[%emt 0:00:20]} h6 {[%emt 0:00:23]} 7. Be3 {[%emt 0:00:21]} Nc6 {[%emt 0:01:52]} 8. Rg1 {[%emt 0:07:27]} a6 {[%emt 0:02:12]} 9. Qe2 {[%emt 0:03:07]} Qc7 {[%emt 0:05:43]} 10. O-O-O {[%emt 0:05:00]} Be7 {[%emt 0:09:29]} 11. f4 {[%emt 0:06:09]} Nxd4 {[%emt 0:05:25]} 12. Bxd4 {[%emt 0:00:26]} e5 {[%emt 0:00:12]} 13. Be3 {[%emt 0:00:18]} exf4 {[%emt 0:02:44]} 14. Bxf4 {[%emt 0:00:03]} Be6 {[%emt 0:00:22]} 15. Nd5 {[%emt 0:01:24]} Bxd5 {[%emt 0:01:14]} 16. exd5 {[%emt 0:00:03]} Rc8 {[%emt 0:20:14]} 17. h4 {[%emt 0:14:35]} Nd7 $16 {[%emt 0:08:09]} 18. Rg3 {[%emt 0:03:47]} Kf8 {[%emt 0:08:08]} 19. Rc3 {[%emt 0:05:54]} Qd8 {[%emt 0:00:19]} 20. Rxc8 {[%emt 0:13:56]} Qxc8 {[%emt 0:00:05]} 21. Re1 {[%emt 0:02:29]} Qd8 {[%emt 0:01:54]} 22. Bg2 {[%emt 0:02:15]} g5 {[%emt 0:06:45]} 23. Bh2 {[%emt 0:03:25]} gxh4 {[%emt 0:02:56]} 24. Kb1 {[%emt 0:00:06]} Nc5 {[%emt 0:03:06]} 25. Qf3 {[%emt 0:01:51]} Bf6 {[%emt 0:05:51]} 26. Rf1 {[%emt 0:01:13]} Kg7 {[%emt 0:00:13]} 27. Qf4 {[%emt 0:07:34]} Re8 {[%emt 0:03:50]} 28. Qxd6 {[%emt 0:03:08]} Qxd6 {[%emt 0:00:16]} 29. Bxd6 {[%emt 0:00:02]} Na4 {[%emt 0:00:39]} 30. Bc7 {[%emt 0:12:16]} Re2 {[%emt 0:06:36]} 31. Bf3 {[%emt 0:00:16]} Re3 {[%emt 0:01:05]} 32. Bf4 {[%emt 0:00:43]} Re8 {[%emt 0:01:06]} 33. c3 {[%emt 0:00:42]} b5 {[%emt 0:01:42]} 34. d6 {[%emt 0:00:34]} Nb6 {[%emt 0:00:11]} 35. Bc6 {[%emt 0:02:35]} Re2 {[%emt 0:01:15]} 36. d7 {[%emt 0:02:21]} Bd8 {[%emt 0:01:44]} 37. Bb7 {[%emt 0:01:20]} Nc4 {[%emt 0:01:01]} 38. b3 {[%emt 0:02:15]} Nd2+ {[%emt 0:00:47]} 39. Bxd2 {[%emt 0:00:03]} Rxd2 {[%emt 0:00:03]} 40. Bxa6 {[%emt 0:00:00]} Rxd7 {[%emt 0:00:00]} 41. Bxb5 {[%emt 0:01:30]} Rd2 {[%emt 0:00:42]} 42. a4 {[%emt 0:05:46]} h3 {[%emt 0:04:10]} 43. Bc6 {[%emt 0:00:39]} h2 {[%emt 0:02:12]} 44. b4 {[%emt 0:01:31]} Bf6 {[%emt 0:01:00]} 45. Rc1 {[%emt 0:00:30]} Rd3 {[%emt 0:03:40]} 46. Kb2 {[%emt 0:01:14]} Rg3 {[%emt 0:02:14]} 47. a5 {[%emt 0:02:18]} Rxg4 {[%emt 0:02:31]} 48. a6 {[%emt 0:04:08]} Rxb4+ {[%emt 0:00:24]} 49. Kc2 {[%emt 0:00:20]} Rc4 {[%emt 0:03:53]} 50. a7 {[%emt 0:00:02]} Rxc6 {[%emt 0:00:06]} 51. a8=Q {[%emt 0:00:11]} Rxc3+ {[%emt 0:00:17]} 52. Kd2 {[%emt 0:00:51]} Rxc1 {[%emt 0:00:40]} 53. Kxc1 {[%emt 0:00:02]} Be5 {[%emt 0:00:04]} 54. Qf3 {[%emt 0:00:22]} Kg6 {[%emt 0:01:25]} 55. Qg4+ {[%emt 0:00:06]} Kf6 {[%emt 0:00:10]} 56. Qh5 {[%emt 0:00:15]} Ke7 {[%emt 0:00:49]} 57. Qxe5+ {[%emt 0:00:04]} 1-0

[Event "Romanian-ch Women 2022"]
[Site "Eforie Nord"]
[Date "2022.02.26"]
[Round "8.5"]
[White "Didiliuc, Dariana-Gabriela"]
[Black "Panainte, Andreea-Bianca"]
[Result "0-1"]
[WhiteElo "1841"]
[BlackElo "1865"]
[Annotator "NA"]
[PlyCount "98"]
[EventDate "2022.02.20"]
[EventType "swiss"]
[EventCountry "ROU"]
[SourceTitle "playchess.com"]
[Source "ChessBase"]
[SourceQuality "1"]
[TimeControl "40/5400+30:900+30"]

1. d4 {[%emt 0:07:16]} Nf6 {[%emt 0:00:05]} 2. c4 {[%emt 0:00:11]} e6 {[%emt 0:00:05]} 3. Nc3 {[%emt 0:00:16]} Bb4 {[%emt 0:00:13]} 4. Qc2 {[%emt 0:00:20]} O-O {[%emt 0:00:07]} 5. Nf3 {[%emt 0:00:34]} d6 {[%emt 0:00:31]} 6. e4 {[%emt 0:01:39]} e5 {[%emt 0:01:10]} 7. Bd3 {[%emt 0:06:55]} Re8 {[%emt 0:03:42]} 8. d5 {[%emt 0:01:13]} Nbd7 {[%emt 0:01:28]} 9. O-O {[%emt 0:03:59]} Bxc3 {[%emt 0:01:23]} 10. Qxc3 {[%emt 0:00:14]} Nc5 {[%emt 0:00:05]} 11. Qc2 {[%emt 0:00:27]} Bg4 {[%emt 0:02:34]} 12. Ne1 {[%emt 0:01:56]} a5 {[%emt 0:06:30]} 13. b3 {[%emt 0:03:10]} h6 {[%emt 0:01:16]} 14. f3 {[%emt 0:02:42]} Bd7 {[%emt 0:00:48]} 15. Be3 {[%emt 0:01:12]} b6 {[%emt 0:05:50]} 16. Be2 {[%emt 0:02:17]} Nh5 {[%emt 0:07:59]} 17. Nd3 {[%emt 0:01:38]} Nxd3 {[%emt 0:01:31]} 18. Bxd3 {[%emt 0:00:10]} Qf6 {[%emt 0:01:05]} 19. Rfd1 {[%emt 0:01:55]} Nf4 {[%emt 0:00:51]} 20. Bf1 {[%emt 0:00:57]} Qg6 {[%emt 0:03:11]} 21. Kh1 {[%emt 0:00:53]} Rf8 {[%emt 0:29:16]} 22. a3 {[%emt 0:06:26]} f5 {[%emt 0:01:43]} 23. b4 {[%emt 0:01:02]} fxe4 {[%emt 0:06:34]} 24. fxe4 {[%emt 0:00:18]} Bg4 {[%emt 0:00:13]} 25. Rdb1 {[%emt 0:01:08]} Rf6 {[%emt 0:00:49]} 26. c5 {[%emt 0:02:50]} Nxd5 {[%emt 0:06:56]} 27. Qc4 {[%emt 0:00:26]} Be6 {[%emt 0:03:43]} 28. exd5 {[%emt 0:00:15]} b5 {[%emt 0:01:05]} 29. Qb3 {[%emt 0:00:44]} Bf5 {[%emt 0:00:57]} 30. Rb2 {[%emt 0:12:16]} Raf8 {[%emt 0:02:11]} 31. Bxb5 {[%emt 0:01:53]} Be4 {[%emt 0:00:27]} 32. Rg1 {[%emt 0:00:59]} Rf5 {[%emt 0:02:10]} 33. Bd3 {[%emt 0:00:58]} Rh5 {[%emt 0:00:50]} 34. Bxe4 {[%emt 0:03:08]} Rxh2+ {[%emt 0:03:02]} 35. Kxh2 {[%emt 0:00:09]} Qh5+ {[%emt 0:00:06]} 36. Kg3 {[%emt 0:00:13]} g5 {[%emt 0:00:06]} 37. Bxg5 {[%emt 0:04:16]} hxg5 {[%emt 0:00:27]} 38. Bf5 {[%emt 0:02:00]} Qh4+ {[%emt 0:06:22]} 39. Kf3 {[%emt 0:00:08]} Rxf5+ {[%emt 0:00:04]} 40. Ke2 {[%emt 0:00:00]} Qf2+ {[%emt 0:00:00]} 41. Kd3 {[%emt 0:02:11]} Qd4+ {[%emt 0:05:14]} 42. Kc2 {[%emt 0:00:07]} Qxg1 {[%emt 0:00:23]} 43. Qh3 {[%emt 0:01:21]} Rf2+ {[%emt 0:01:26]} 44. Kb3 {[%emt 0:00:06]} Qd1+ {[%emt 0:03:20]} 45. Ka2 {[%emt 0:00:22]} Qxd5+ {[%emt 0:01:27]} 46. Qb3 {[%emt 0:00:49]} Qxb3+ {[%emt 0:00:22]} 47. Kxb3 {[%emt 0:00:05]} a4+ {[%emt 0:00:09]} 48. Kc3 {[%emt 0:02:53]} Rxb2 {[%emt 0:00:06]} 49. cxd6 {[%emt 0:00:10]} Rb3+ {[%emt 0:00:06]} 0-1

[Event "Romanian-ch Women 2022"]
[Site "Eforie Nord"]
[Date "2022.02.26"]
[Round "8.6"]
[White "Dragomirescu, Angela"]
[Black "Nikanova, Ekaterina"]
[Result "1/2-1/2"]
[WhiteElo "2167"]
[BlackElo "1935"]
[Annotator "NA"]
[PlyCount "93"]
[EventDate "2022.02.20"]
[EventType "swiss"]
[EventCountry "ROU"]
[SourceTitle "playchess.com"]
[Source "ChessBase"]
[SourceQuality "1"]
[TimeControl "40/5400+30:900+30"]

1. d4 {[%emt 0:00:04]} Nf6 {[%emt 0:00:12]} 2. Nf3 {[%emt 0:00:05]} e6 {[%emt 0:00:07]} 3. g3 {[%emt 0:00:34]} b5 {[%emt 0:00:21]} 4. Bg2 {[%emt 0:00:13]} Bb7 {[%emt 0:00:03]} 5. O-O {[%emt 0:02:12]} c5 {[%emt 0:00:29]} 6. Bg5 {[%emt 0:07:28]} cxd4 {[%emt 0:01:42]} 7. Nxd4 {[%emt 0:03:14]} Bxg2 {[%emt 0:00:12]} 8. Kxg2 {[%emt 0:00:05]} Nc6 {[%emt 0:10:26]} 9. Nxb5 {[%emt 0:05:14]} Rb8 {[%emt 0:00:35]} 10. c4 {[%emt 0:18:40]} a6 {[%emt 0:04:51]} 11. Nd4 {[%emt 0:04:18]} Qb6 {[%emt 0:00:30]} 12. Nb3 {[%emt 0:00:30]} Ne5 {[%emt 0:00:30]} 13. N1d2 {[%emt 0:00:30]} Nxc4 {[%emt 0:00:30]} 14. Nxc4 {[%emt 0:00:30]} Qc6+ {[%emt 0:34:34]} 15. Kg1 {[%emt 0:19:19]} Qxc4 {[%emt 0:00:30]} 16. Bf4 {[%emt 0:00:30]} Rd8 {[%emt 0:00:30]} 17. Rc1 {[%emt 0:00:30]} Qd5 {[%emt 0:00:30]} 18. Bc7 {[%emt 0:00:30]} Qxd1 {[%emt 0:00:30]} 19. Rfxd1 {[%emt 0:00:30]} Ra8 {[%emt 0:00:30]} 20. Be5 {[%emt 0:00:30]} Be7 {[%emt 0:00:30]} 21. Rc7 {[%emt 0:00:30]} O-O {[%emt 0:00:30]} 22. Bxf6 {[%emt 0:00:30]} Bxf6 {[%emt 0:00:30]} 23. Rdxd7 {[%emt 0:00:30]} Bxb2 {[%emt 0:00:30]} 24. Ra7 {[%emt 0:00:30]} f5 {[%emt 0:00:30]} 25. e3 {[%emt 0:00:30]} Rfc8 {[%emt 0:00:30]} 26. Rxa8 {[%emt 0:00:30]} Rxa8 {[%emt 0:00:30]} 27. Re7 {[%emt 0:00:30]} e5 {[%emt 0:00:30]} 28. Rb7 {[%emt 0:00:30]} Ba3 {[%emt 0:00:30]} 29. Na5 {[%emt 0:00:30]} e4 {[%emt 0:00:30]} 30. h4 {[%emt 0:00:30]} Bf8 {[%emt 0:00:30]} 31. Nb3 {[%emt 0:00:30]} g6 {[%emt 0:00:30]} 32. Kf1 {[%emt 0:00:30]} a5 {[%emt 0:00:30]} 33. a4 {[%emt 0:00:30]} Bb4 {[%emt 0:00:30]} 34. Rb5 {[%emt 0:00:30]} Kg7 {[%emt 0:00:30]} 35. h5 {[%emt 0:00:30]} Kh6 {[%emt 0:00:30]} 36. hxg6 {[%emt 0:00:30]} hxg6 {[%emt 0:00:30]} 37. Kg2 {[%emt 0:00:30]} Ra6 {[%emt 0:00:30]} 38. f3 {[%emt 0:00:30]} exf3+ {[%emt 0:00:30]} 39. Kxf3 {[%emt 0:00:30]} Kg7 {[%emt 0:00:30]} 40. Rb7+ {[%emt 0:00:30]} Kf6 {[%emt 0:00:30]} 41. Rb5 {[%emt 0:15:30]} Kg7 {[%emt 0:15:30]} 42. Rd5 {[%emt 0:00:30]} Kf6 {[%emt 0:00:30]} 43. Rb5 {[%emt 0:00:30]} Kg7 {[%emt 0:37:39]} 44. Rb7+ {[%emt 0:19:57]} Kf6 {[%emt 0:00:00]} 45. Rb5 {[%emt 0:00:17]} Kg7 {[%emt 0:00:00]} 46. Rd5 {[%emt 0:11:56]} Kf6 {[%emt 0:00:00]} 47. Rb5 {[%emt 0:02:32]} 1/2-1/2

[Event "Romanian-ch Women 2022"]
[Site "Eforie Nord"]
[Date "2022.02.26"]
[Round "8.7"]
[White "Cosman, Andreea-Marioara"]
[Black "Schiopu, Oana-Magdalena"]
[Result "1-0"]
[WhiteElo "2127"]
[BlackElo "1534"]
[Annotator "ChessBase"]
[PlyCount "81"]
[EventDate "2022.02.20"]
[EventType "swiss"]
[EventCountry "ROU"]
[SourceTitle "playchess.com"]
[Source "ChessBase"]
[SourceQuality "1"]
[TimeControl "40/5400+30:900+30"]

1. d4 {[%emt 0:00:03]} Nf6 {[%emt 0:00:08]} 2. c4 {[%emt 0:00:05]} e6 {[%emt 0:00:16]} 3. Nc3 {[%emt 0:00:10]} Bb4 {[%emt 0:00:27]} 4. Bd2 {[%emt 0:00:10]} O-O {[%emt 0:00:58]} 5. e3 {[%emt 0:00:06]} d5 {[%emt 0:01:34]} 6. Nf3 {[%emt 0:00:09]} b6 {[%emt 0:02:11]} 7. cxd5 {[%emt 0:00:07]} exd5 {[%emt 0:00:27]} 8. Rc1 {[%emt 0:00:08]} Bf5 {[%emt 0:03:54]} 9. Ne5 {[%emt 0:02:19]} a6 {[%emt 0:04:46]} 10. Be2 {[%emt 0:00:40]} Re8 {[%emt 0:00:44]} 11. O-O {[%emt 0:00:13]} Bd6 {[%emt 0:01:53]} 12. f4 {[%emt 0:00:09]} Nbd7 {[%emt 0:04:56]} 13. Be1 {[%emt 0:03:16]} c5 {[%emt 0:16:02]} 14. Bh4 {[%emt 0:00:20]} Qb8 {[%emt 0:00:39]} 15. g4 {[%emt 0:05:01]} Bg6 {[%emt 0:04:40]} 16. Bxf6 {[%emt 0:08:01]} Nxf6 {[%emt 0:01:49]} 17. f5 {[%emt 0:00:07]} Bxe5 {[%emt 0:00:06]} 18. dxe5 {[%emt 0:00:05]} Qxe5 {[%emt 0:00:08]} 19. fxg6 {[%emt 0:02:48]} Qxe3+ {[%emt 0:03:26]} 20. Kh1 {[%emt 0:02:47]} hxg6 {[%emt 0:00:26]} 21. Bf3 {[%emt 0:03:10]} Rad8 {[%emt 0:05:06]} 22. Nxd5 {[%emt 0:10:42]} Qg5 {[%emt 0:12:24]} 23. Nxf6+ {[%emt 0:02:26]} gxf6 {[%emt 0:00:20]} 24. Qa4 {[%emt 0:10:44]} Re3 {[%emt 0:05:00]} 25. Rcd1 {[%emt 0:01:31]} Rxd1 {[%emt 0:04:24]} 26. Qxd1 {[%emt 0:00:42]} Kg7 {[%emt 0:01:26]} 27. Qd6 {[%emt 0:13:24]} Re6 {[%emt 0:03:16]} 28. Qg3 {[%emt 0:02:27]} Qe5 {[%emt 0:02:08]} 29. Qxe5 {[%emt 0:02:16]} fxe5 {[%emt 0:00:09]} 30. Bd5 {[%emt 0:03:24]} Re7 {[%emt 0:00:07]} 31. g5 {[%emt 0:01:25]} Rd7 {[%emt 0:00:29]} 32. Bc6 {[%emt 0:01:48]} Rd6 {[%emt 0:01:35]} 33. Be8 {[%emt 0:01:02]} f5 {[%emt 0:00:33]} 34. gxf6+ {[%emt 0:00:08]} Rxf6 {[%emt 0:00:04]} 35. Rxf6 {[%emt 0:00:15]} Kxf6 {[%emt 0:00:05]} 36. Kg2 {[%emt 0:00:05]} b5 {[%emt 0:05:02]} 37. Kf3 {[%emt 0:00:24]} b4 {[%emt 0:00:38]} 38. b3 {[%emt 0:00:54]} Kf5 {[%emt 0:01:21]} 39. Bd7+ {[%emt 0:00:21]} Kf6 {[%emt 0:00:12]} 40. Ke4 {[%emt 0:00:00]} Ke7 {[%emt 0:00:00]} 41. Bc8 {[%emt 0:01:57]} 1-0